000
00242nam a22000977a 4500
008
170112b xxu||||| |||| 00| 0 eng d
041
_a
eng
080
_2
3RD
_a
618.2
245
_a
NURSING PROCESS AND NURSING DIAGNOSIS
_c
IYER, P.W
942
_2
udc
_c
BK
999
_c
2840
_d
2840